EU Countries - Statistics

General Stats
  • This quiz has been taken 20 times
  • The average score is 22 of 27
Answer Stats
Answer % Correct
Austria
94%
France
94%
The Netherlands
94%
Belgium
89%
Czechia
89%
Denmark
89%
Germany
89%
Greece
89%
Ireland
89%
Luxembourg
89%
Poland
89%
Portugal
89%
Slovakia
89%
Slovenia
89%
Spain
89%
Sweden
89%
Croatia
83%
Hungary
83%
Italy
83%
Latvia
83%
Lithuania
83%
Estonia
78%
Finland
78%
Malta
78%
Romania
78%
Bulgaria
72%
Cyprus (Republic of)
0%
No matching quizzes found
Score Distribution
Percent of People with Each Score
Percentile by Number Answered
Your Score History
You have not taken this quiz